000 02192cam a2200457 a 4500
999 _c529814
_d529814
001 13460437
003 NUST
005 20191003125130.0
008 040116s2004 dcuadk bt 001 0 eng d
010 _a 2004100657
020 _a0309070015 (pbk.)
035 _a(OCoLC)ocm54983737
038 _aMSOHAIL
040 _aTRL
_cTRL
_dDAY
_dDLC
042 _alccopycat
043 _an-us---
050 0 0 _aHE206.2
_b.P653 2004
082 0 0 _a354.762342130973
_222
100 1 _aPoister, Theodore H.
_921830
245 1 0 _aStrategic planning and decision making in state departments of transportation :
_ba synthesis of highway practice /
_cconsultant, Theordore H. Poister.
260 _aWashington, D.C. :
_bTransportation Research Board,
_c2004.
300 _a62 p. :
_bill., charts, forms ;
_c28 cm.
490 1 _aNCHRP synthesis,
_x0547-5570 ;
_v326
500 _aAt head of title: National Cooperative Highway Research Program.
500 _a"Research sponsored by the American Association of State Highway and Transportation Officials in cooperation with the Federal Highway Administration."
504 _aIncludes bibliographical references (p. 52-53).
530 _aAlso available online (requires Adobe Acrobat Reader for viewing).
650 0 _aState transportation agencies
_zUnited States
_xStates.
_922683
650 0 _aHighway departments
_zUnited States
_xStates.
_922684
650 0 _aTransportation
_zUnited States
_xStates
_xPlanning.
_922685
650 0 _aTransportation and state
_zUnited States
_xStates.
_921440
710 2 _aNational Cooperative Highway Research Program.
_920864
710 2 _aAmerican Association of State Highway and Transportation Officials.
_919553
710 2 _aNational Research Council (U.S.).
_bTransportation Research Board.
_922686
830 0 _aSynthesis of highway practice ;
_v326.
_922687
856 4 1 _uhttp://gulliver.trb.org/publications/nchrp/nchrp_syn_326.pdf
906 _a7
_bcbc
_ccopycat
_d2
_eepcn
_f20
_gy-gencatlg
942 _2ddc
_cBK